000 00381 a2200169 4500
001 73891
020 _a
040 _cAnchieta - Colégio São Paulo
100 _aSantana, Geny Maria de Oliveira
240 1 0 _aValorização do ser
_lpor
245 1 0 _aValorização do ser
300 _a85
362 0 _a2002
440 1 _aGlobal
650 4 _aPoesia brasileira
942 _cBK
999 _c73891
_d73891